[Event "Lloyds Bank Masters 18th"]
[Site "London"]
[Date "1994.08.20"]
[Round "1"]
[White "Kalinin, Vladimir"]
[Black "Mithrakanth, Poorna Sharma"]
[Result "1/2-1/2"]
[WhiteElo "2275"]
[BlackElo "2460"]
[PlyCount "131"]
[EventDate "1994.08.20"]
[EventType "swiss"]
[EventRounds "10"]
[EventCountry "ENG"]
[SourceTitle "BritBase"]

1. d4 Nf6 2. g3 e6 3. Bg2 d5 4. c4 dxc4 5. Qa4+ Nbd7 6. Qxc4 a6 7. Qc2 c5 8.
Nf3 cxd4 9. Nxd4 Bc5 10. Nb3 Ba7 11. O-O O-O 12. Bd2 Re8 13. Ba5 Qe7 14. a3 e5
15. Nc3 e4 16. Rad1 Qe5 17. Bb4 Nf8 18. Bd6 Qf5 19. Nd4 Qg6 20. Qb3 h5 21. Bxf8
Kxf8 22. Nd5 Nxd5 23. Qxd5 h4 24. gxh4 Bg4 25. Qg5 Qxg5 26. hxg5 Rad8 27. h3
Bh5 28. Nf5 Bxe2 29. Rxd8 Rxd8 30. Rc1 Bf3 31. Rc7 g6 32. Rxb7 Bxf2+ 33. Kxf2
Rd2+ 34. Ke3 Rd3+ 35. Kf4 gxf5 36. Bf1 Rd6 37. Bc4 Bh5 38. Ra7 Rd2 39. b3 Rf2+
40. Ke5 Kg7 41. Kd4 Rd2+ 42. Ke3 Rh2 43. Rxa6 Rxh3+ 44. Kd4 e3 45. Rh6 f4 46.
Ke4 Rh4 47. Rxh5 Rxh5 48. Kxf4 Rh3 49. Be2 Kg6 50. a4 Rh4+ 51. Kxe3 Kxg5 52. a5
f5 53. Bc4 Kf6 54. a6 Ke5 55. Kd3 Rh3+ 56. Ke2 Kd4 57. Kf2 f4 58. Be6 Rh2+ 59.
Kf3 Ke5 60. Bc4 Rb2 61. Bg8 Rb1 62. Bc4 Rc1 63. Ke2 Kd4 64. Kf3 Ke5 65. Ke2 Kd4
66. Kf3 1/2-1/2

[Event "Lloyds Bank Masters 18th"]
[Site "London"]
[Date "1994.08.20"]
[Round "1"]
[White "King, Daniel J"]
[Black "Rowson, Jonathan"]
[Result "1/2-1/2"]
[WhiteElo "2495"]
[BlackElo "2305"]
[PlyCount "108"]
[EventDate "1994.08.20"]
[EventType "swiss"]
[EventRounds "10"]
[EventCountry "ENG"]
[SourceTitle "BritBase"]

1. g3 g6 2. Bg2 Bg7 3. e4 e5 4. Ne2 Nc6 5. Nbc3 d6 6. d3 f5 7. Be3 Nf6 8. Qd2
O-O 9. O-O Be6 10. exf5 Bxf5 11. h3 Qd7 12. g4 Be6 13. Bh6 d5 14. Rae1 d4 15.
Ne4 Nxe4 16. Bxe4 Bd5 17. Bxg7 Kxg7 18. Bxd5 Qxd5 19. f4 Qd6 20. f5 gxf5 21.
Qg5+ Kh8 22. Rxf5 Rxf5 23. Qxf5 Rf8 24. Qe4 Nb4 25. Ng3 Nxc2 26. Qxe5+ Qxe5 27.
Rxe5 Nb4 28. Rb5 Nxd3 29. Rxb7 c5 30. Ne4 Kg8 31. Rxa7 Nxb2 32. Nxc5 d3 33. Rd7
Ra8 34. a4 Ra5 35. Ne4 Rxa4 36. Nf6+ Kf8 37. Nxh7+ Ke8 38. Nf6+ Kf8 39. Nh7+
Ke8 40. Nf6+ Kf8 41. g5 Ra6 42. Kg2 Re6 43. Kg3 Re7 44. Rd8+ Kf7 45. Kf4 Re2
46. Ne4 Rh2 47. Rd7+ Kg6 48. Rd6+ Kg7 49. Rd7+ Kg6 50. Rd6+ Kg7 51. Kg4 Nc4 52.
Rxd3 Ne5+ 53. Kg3 Rxh3+ 54. Kxh3 Nxd3 1/2-1/2

[Event "Lloyds Bank Masters 18th"]
[Site "London"]
[Date "1994.08.20"]
[Round "1"]
[White "Kitchlew, Andrew"]
[Black "De Coverly, Roger D"]
[Result "0-1"]
[WhiteElo "2040"]
[BlackElo "2125"]
[PlyCount "148"]
[EventDate "1994.08.20"]
[EventType "swiss"]
[EventRounds "10"]
[EventCountry "ENG"]
[SourceTitle "BritBase"]

1. e4 e5 2. Nc3 Nf6 3. d3 Bc5 4. Bg5 h6 5. Bh4 c6 6. Qd2 d6 7. Nge2 Nxe4 8.
Nxe4 Qxh4 9. b4 f5 10. bxc5 fxe4 11. cxd6 O-O 12. Ng3 exd3 13. Bxd3 Kh8 14. O-O
Qd4 15. Ne4 Bf5 16. Qe3 Nd7 17. Rad1 Rad8 18. Rfe1 Qxe3 19. Rxe3 Bxe4 20. Bxe4
Rf6 21. Bf3 Rf4 22. Rb1 e4 23. Bxe4 Nc5 24. Bd3 Rd4 25. Rbe1 Nxd3 26. Rxd3 Rxd3
27. cxd3 Rxd6 28. Re3 Kg8 29. f4 Kf7 30. Kf2 b5 31. g4 Rd4 32. Kf3 a5 33. h4 b4
34. h5 a4 35. g5 b3 36. axb3 axb3 37. g6+ Kf8 38. Re1 Rxd3+ 39. Ke4 Rh3 40. Ra1
Rxh5 41. f5 b2 42. Ra8+ Ke7 43. Rb8 Rh2 44. Ke5 Re2+ 45. Kf4 Rc2 46. Rb7+ Kd6
47. Ke4 c5 48. f6 gxf6 49. g7 Rg2 50. Rxb2 Rxg7 51. Rb6+ Ke7 52. Rc6 Rg5 53.
Kf4 Kf7 54. Rc8 Ke6 55. Rc6+ Kf7 56. Rc8 Kg6 57. Rg8+ Kh5 58. Rf8 f5 59. Rc8 c4
60. Rc6 Rg6 61. Rc8 Kh4 62. Kf3 Rg4 63. Rf8 Kg5 64. Rg8+ Kf6 65. Rf8+ Ke5 66.
Re8+ Kd4 67. Rd8+ Kc3 68. Rf8 Rg5 69. Rf6 Rh5 70. Rf8 Kc2 71. Rf6 c3 72. Rf8
Kc1 73. Rf7 c2 74. Rf8 Rh3+ {Source: Roger de Coverly, contributed 27 July 2021
} 0-1

[Event "Lloyds Bank Masters 18th"]
[Site "London"]
[Date "1994.08.20"]
[Round "1"]
[White "Kogan, Artur"]
[Black "Gant, Chris"]
[Result "1-0"]
[WhiteElo "2470"]
[BlackElo "2285"]
[PlyCount "51"]
[EventDate "1994.08.20"]
[EventType "swiss"]
[EventRounds "10"]
[EventCountry "ENG"]
[SourceTitle "BritBase"]

1. e4 c5 2. Nf3 Nc6 3. d4 cxd4 4. Nxd4 g6 5. Nc3 Bg7 6. Be3 Nf6 7. Bc4 O-O 8.
Bb3 a5 9. a3 d6 10. h3 Bd7 11. O-O Nxd4 12. Bxd4 b5 13. Qd3 Rb8 14. Rfe1 Bc6
15. Nd5 Bxd5 16. exd5 Nd7 17. Bxg7 Kxg7 18. Re3 Nc5 19. Qd4+ Kg8 20. Rae1 Re8
21. h4 Nd7 22. h5 Nf6 23. h6 Qd7 24. a4 b4 25. Bc4 Qg4 26. Qxf6 1-0

[Event "Lloyds Bank Masters 18th"]
[Site "London"]
[Date "1994.08.20"]
[Round "1"]
[White "Larsson, Krister"]
[Black "Saunders, John C"]
[Result "0-1"]
[WhiteElo "2200"]
[BlackElo "2225"]
[PlyCount "70"]
[EventDate "1994.08.20"]
[EventType "swiss"]
[EventRounds "10"]
[EventCountry "ENG"]
[SourceTitle "BritBase"]

1. e4 c6 2. d3 d5 3. Nd2 e5 4. Ngf3 Bd6 5. g3 Nf6 6. Bg2 O-O 7. O-O Nbd7 8. h3
Re8 9. Re1 Qc7 10. Nf1 h6 11. Nh4 dxe4 12. dxe4 Nc5 13. Qf3 Be7 14. b4 Ne6 15.
c3 a5 16. bxa5 Qxa5 17. Nf5 Nd4 18. Nxd4 exd4 19. Bd2 dxc3 20. Bxc3 Qa3 21. Re3
Qa4 22. g4 Be6 23. Ng3 Qc4 24. Bf1 Qc5 25. a4 Nd7 26. Nf5 Bxf5 27. exf5 Bg5 28.
Rxe8+ Rxe8 29. a5 Ne5 30. Bxe5 Qxe5 31. Ra2 Be7 32. Qb3 Bd6 33. f3 Qg3+ 34. Kh1
Bc5 35. Qc3 Qg1# 0-1

[Event "Lloyds Bank Masters 18th"]
[Site "London"]
[Date "1994.08.20"]
[Round "1"]
[White "Lejlic, Samir"]
[Black "Hodgson, John H"]
[Result "0-1"]
[WhiteElo "2420"]
[BlackElo "2250"]
[PlyCount "70"]
[EventDate "1994.08.20"]
[EventType "swiss"]
[EventRounds "10"]
[EventCountry "ENG"]
[SourceTitle "BritBase"]

1. e4 c5 2. Nf3 d6 3. d4 cxd4 4. Nxd4 Nf6 5. Nc3 g6 6. h3 Bg7 7. Bc4 O-O 8. O-O
a6 9. Re1 b5 10. Bb3 Bb7 11. Bg5 Nbd7 12. Nd5 e6 13. Nxf6+ Nxf6 14. Qf3 h6 15.
Bxf6 Qxf6 16. Qxf6 Bxf6 17. Rad1 Rfe8 18. c3 Rac8 19. a4 bxa4 20. Bxa4 Red8 21.
Bc2 Rb8 22. Ra1 Bxd4 23. cxd4 Bc8 24. b3 Rb6 25. Re3 Bb7 26. Rc3 Rc8 27. Rxc8+
Bxc8 28. Kf1 Bd7 29. Ke2 Bb5+ 30. Kd2 Kf8 31. g3 Ke7 32. Ra2 g5 33. Ra1 Rb8 34.
f3 e5 35. dxe5 dxe5 {... possibly time} 0-1

[Event "Lloyds Bank Masters 18th"]
[Site "London"]
[Date "1994.08.20"]
[Round "1"]
[White "Marusenko, Petr"]
[Black "Turner, Matthew"]
[Result "0-1"]
[WhiteElo "2235"]
[BlackElo "2395"]
[PlyCount "64"]
[EventDate "1994.08.20"]
[EventType "swiss"]
[EventRounds "10"]
[EventCountry "ENG"]
[SourceTitle "BritBase"]

1. e4 c5 2. Nf3 Nc6 3. d4 cxd4 4. Nxd4 g6 5. c4 Bg7 6. Be3 Nh6 7. Nc3 O-O 8.
Be2 f5 9. exf5 Bxd4 10. Bxh6 Rxf5 11. O-O Qb6 12. Nd5 Qxb2 13. Rb1 Qa3 14. Bg4
Rf7 15. Nc7 Rb8 16. Nb5 Qc5 17. Nxd4 Qxd4 18. Be3 Qxd1 19. Rfxd1 Ne5 20. Be2 d6
21. Bxa7 Ra8 22. Bd4 Rxa2 23. Bf1 Nd7 24. Rb5 Ra4 25. g3 Rf5 26. Rb3 Ne5 27.
Bh3 Rf3 28. Bxe5 Rxb3 29. Bxc8 dxe5 30. Re1 Kf7 31. Rxe5 Rb1+ 32. Kg2 Rxc4 0-1

[Event "Lloyds Bank Masters 18th"]
[Site "London"]
[Date "1994.08.20"]
[Round "1"]
[White "McMahon, Daire"]
[Black "Webster, Andrew"]
[Result "0-1"]
[WhiteElo "2240"]
[BlackElo "2405"]
[PlyCount "78"]
[EventDate "1994.08.20"]
[EventType "swiss"]
[EventRounds "10"]
[EventCountry "ENG"]
[SourceTitle "BritBase"]

1. d4 Nf6 2. c4 a6 3. Nc3 c5 4. d5 b5 5. g3 b4 6. Na4 e5 7. dxe6 fxe6 8. Bg2
Ra7 9. Nh3 Be7 10. O-O O-O 11. b3 d6 12. Bb2 e5 13. f4 Nc6 14. Ng5 Nd4 15. e3
Nf5 16. Qd3 Ng4 17. Qd5+ Kh8 18. Nf7+ Rxf7 19. Qxf7 Ngh6 20. Qh5 Nxe3 21. fxe5
Bg4 22. Qxh6 gxh6 23. exd6+ Kg8 24. dxe7 Rxe7 25. Rf4 Rd7 26. Re1 Rd1 27. Bd5+
Qxd5 28. cxd5 Rxe1+ 29. Kf2 Re2+ 30. Kg1 Rg2+ 31. Kh1 Re2 32. Kg1 Bh3 33. Rh4
Rg2+ 34. Kh1 Rf2 35. Rf4 Bg2+ 36. Kg1 Rd2 37. d6 Bc6 38. h4 Rg2+ 39. Kh1 Rxb2+
0-1

[Event "Lloyds Bank Masters 18th"]
[Site "London"]
[Date "1994.08.20"]
[Round "1"]
[White "McMichael, Richard"]
[Black "Barua, Dibyendu"]
[Result "1/2-1/2"]
[WhiteElo "2305"]
[BlackElo "2495"]
[PlyCount "112"]
[EventDate "1994.08.20"]
[EventType "swiss"]
[EventRounds "10"]
[EventCountry "ENG"]
[SourceTitle "BritBase"]

1. b3 e5 2. Bb2 Nc6 3. e3 Nf6 4. c4 d5 5. cxd5 Nxd5 6. Nf3 Bg4 7. Be2 e4 8. Nd4
Bxe2 9. Qxe2 Nxd4 10. Bxd4 Nb4 11. O-O Nc2 12. Qb5+ c6 13. Qxb7 Qc8 14. Qxc8+
Rxc8 15. Nc3 Nxa1 16. Rxa1 c5 17. Be5 Kd7 18. Rc1 Ke6 19. Bf4 f5 20. Nb5 a6 21.
Na3 Be7 22. Nc4 Rhd8 23. Kf1 Bf6 24. Ke2 g5 25. Bg3 h5 26. h3 h4 27. Bh2 Rd3
28. Rc2 Rcd8 29. Na5 Be7 30. Nc4 Rf8 31. f3 Rdd8 32. fxe4 fxe4 33. Ne5 Bd6 34.
Ng4 Bxh2 35. Nxh2 Rf5 36. Ng4 Rdf8 37. Rc4 Kd5 38. Ra4 Ra8 39. Nf2 Re5 40. Nd1
Ke6 41. Nf2 Kf5 42. Rc4 Rd8 43. d3 exd3+ 44. Nxd3 Re6 45. Rxc5+ Kf6 46. Nf2
Rde8 47. Ng4+ Kg6 48. b4 Re4 49. a3 R4e6 50. a4 Re4 51. Rc6+ Kg7 52. Rb6 a5 53.
bxa5 Rxa4 54. Rb5 Kg6 55. Ne5+ Kf6 56. Ng4+ Kg6 1/2-1/2

[Event "Lloyds Bank Masters 18th"]
[Site "London"]
[Date "1994.08.20"]
[Round "1"]
[White "Mestel, A Jonathan"]
[Black "Sareen, Vishal"]
[Result "1-0"]
[WhiteElo "2520"]
[BlackElo "2310"]
[PlyCount "107"]
[EventDate "1994.08.20"]
[EventType "swiss"]
[EventRounds "10"]
[EventCountry "ENG"]
[SourceTitle "BritBase"]

1. c4 g6 2. Nc3 e5 3. Nf3 Bg7 4. d4 d6 5. dxe5 dxe5 6. Qxd8+ Kxd8 7. Bg5+ f6 8.
O-O-O+ Nd7 9. Be3 Bh6 10. Bxh6 Nxh6 11. h3 c6 12. g4 Nf7 13. h4 Ke7 14. h5 g5
15. Ne4 Nb6 16. c5 Nd5 17. Rg1 Nh6 18. Nh2 Be6 19. e3 Nc7 20. b3 Rad8 21. Be2
Nf7 22. Nf1 Rxd1+ 23. Bxd1 b6 24. Be2 Rd8 25. Nfd2 Bd5 26. Kc2 Nh6 27. b4 Rb8
28. a3 Nb5 29. a4 Nc7 30. cxb6 Rxb6 31. Rb1 Ba2 32. Ra1 Be6 33. b5 Bxg4 34.
Bxg4 Nxg4 35. Nc4 Rb8 36. Na5 Ra8 37. Nxc6+ Ke6 38. Rd1 Nd5 39. Nc5+ Kd6 40.
Ne4+ Ke6 41. Kb3 Nxf2 42. Nxf2 Nxe3 43. Rd3 Nd5 44. Ne4 Nf4 45. Rd6+ Kf5 46.
Nxf6 g4 47. Ne7+ Kg5 48. Nxh7+ Kxh5 49. Nf5 Ng6 50. Ng3+ Kh6 51. Nf6 Kg5 52.
Nfe4+ Kh6 53. Nf5+ Kh5 54. Rd7 1-0

[Event "Lloyds Bank Masters 18th"]
[Site "London"]
[Date "1994.08.20"]
[Round "1"]
[White "Norwood, David"]
[Black "Thiel, Thomas"]
[Result "0-1"]
[WhiteElo "2545"]
[BlackElo "2320"]
[PlyCount "78"]
[EventDate "1994.08.20"]
[EventType "swiss"]
[EventRounds "10"]
[EventCountry "ENG"]
[SourceTitle "BritBase"]

1. Nf3 Nc6 2. d4 d5 3. Bg5 Bg4 4. Nbd2 Qd6 5. e3 e5 6. dxe5 Nxe5 7. Be2 Ng6 8.
Nh4 Bd7 9. Nxg6 hxg6 10. Bf4 Qb6 11. c4 Bd6 12. Bxd6 Qxd6 13. Qb3 Bc6 14. Rc1
Nf6 15. Nf3 Rd8 16. c5 Qe7 17. Nd4 Ne4 18. Qa3 Kf8 19. Qxa7 Qe5 20. f4 Qe7 21.
O-O Ng3 22. Qa3 Nxf1 23. Rxf1 Re8 24. Rf3 Qh4 25. h3 Qe1+ 26. Rf1 Qd2 27. Kf2
Rh4 28. Rd1 Rxf4+ 29. exf4 Rxe2+ 30. Nxe2 Qxd1 31. Qa8+ Be8 32. c6 bxc6 33.
Qa3+ Kg8 34. Qe7 d4 35. Qxe8+ Kh7 36. Qd7 c5 37. Qxc7 Qc2 38. Kf3 Qd3+ 39. Kf2
Qc2 {Time! David Norwood relied on his opponent's faultily written scoresheet.}
0-1

[Event "Lloyds Bank Masters 18th"]
[Site "London"]
[Date "1994.08.20"]
[Round "1"]
[White "Parker, Jonathan"]
[Black "Rotman, Daniel"]
[Result "1-0"]
[WhiteElo "2400"]
[BlackElo "2240"]
[PlyCount "53"]
[EventDate "1994.08.20"]
[EventType "swiss"]
[EventRounds "10"]
[EventCountry "ENG"]
[SourceTitle "BritBase"]

1. d4 d5 2. c4 c6 3. Nf3 Nf6 4. e3 a6 5. Bd3 dxc4 6. Bxc4 b5 7. Bd3 e6 8. O-O
Bb7 9. Qe2 Nbd7 10. e4 c5 11. d5 c4 12. Bc2 Bc5 13. dxe6 fxe6 14. b3 cxb3 15.
Bxb3 Qb6 16. Ng5 Bd4 17. Nxe6 Bxa1 18. Nxg7+ Ke7 19. Bg5 Rac8 20. Nd2 Bc3 21.
Nf3 h6 22. Be3 Qc6 23. Nh4 Rcg8 24. Nhf5+ Kd8 25. Ne6+ Ke8 26. Bd5 Nxd5 27.
Qh5+ 1-0

[Event "Lloyds Bank Masters 18th"]
[Site "London"]
[Date "1994.08.20"]
[Round "1"]
[White "Petursson, Margeir"]
[Black "Poulton, James"]
[Result "1-0"]
[WhiteElo "2540"]
[BlackElo "2330"]
[PlyCount "53"]
[EventDate "1994.08.20"]
[EventType "swiss"]
[EventRounds "10"]
[EventCountry "ENG"]
[SourceTitle "BritBase"]

1. d4 d5 2. c4 e6 3. Nf3 c5 4. cxd5 exd5 5. g3 Nc6 6. Bg2 Nf6 7. O-O Be7 8. Be3
c4 9. b3 cxb3 10. Qxb3 O-O 11. Ne5 Qd6 12. Nc3 Rd8 13. Rac1 Na5 14. Qa4 Qb4 15.
Qxb4 Bxb4 16. Bg5 Be6 17. Nd3 Ba3 18. Rb1 Rdc8 19. Nb5 Be7 20. Rfc1 Nc4 21. Nf4
Bf5 22. Rb3 a6 23. Bxf6 Bxf6 24. Nc3 Na5 25. Rb4 Be7 26. Ra4 Nc4 27. Ncxd5 1-0

[Event "Lloyds Bank Masters 18th"]
[Site "London"]
[Date "1994.08.20"]
[Round "1"]
[White "Quinn, Mark"]
[Black "Howell, James C"]
[Result "1-0"]
[WhiteElo "2305"]
[BlackElo "2505"]
[PlyCount "91"]
[EventDate "1994.08.20"]
[EventType "swiss"]
[EventRounds "10"]
[EventCountry "ENG"]
[SourceTitle "BritBase"]

1. c4 Nf6 2. Nc3 e5 3. Nf3 Nc6 4. g3 Bc5 5. d3 d6 6. Bg2 O-O 7. O-O h6 8. e3
Bf5 9. a3 a5 10. d4 Ba7 11. d5 Ne7 12. b4 Nd7 13. Bb2 Bh7 14. Qe2 Kh8 15. Nd2
f5 16. Nb3 axb4 17. axb4 f4 18. exf4 Ng6 19. fxe5 Ngxe5 20. Ne4 Qe7 21. Nbd2 c6
22. Kh1 cxd5 23. cxd5 Nf6 24. Nxd6 Qxd6 25. Bxe5 Qxb4 26. f4 Bc5 27. Nc4 b5 28.
Ne3 Rxa1 29. Rxa1 Be4 30. Ng4 Bxg2+ 31. Kxg2 Nxd5 32. Ra6 Bb6 33. Bxg7+ Kxg7
34. Qe5+ Nf6 35. Rxb6 Qe4+ 36. Qxe4 Nxe4 37. Nxh6 Rf6 38. Rxf6 Kxf6 39. Ng4+
Ke6 40. Ne3 Nc3 41. Nc2 Kd5 42. Kf3 Kc4 43. h4 Kd3 44. Nb4+ Kc4 45. Na6 b4 46.
Nxb4 1-0

[Event "Lloyds Bank Masters 18th"]
[Site "London"]
[Date "1994.08.20"]
[Round "1"]
[White "Rahal, Michael A"]
[Black "Savchenko, Stanislav"]
[Result "1/2-1/2"]
[WhiteElo "2335"]
[BlackElo "2570"]
[PlyCount "59"]
[EventDate "1994.08.20"]
[EventType "swiss"]
[EventRounds "10"]
[EventCountry "ENG"]
[SourceTitle "BritBase"]

1. e4 e6 2. d4 d5 3. Nc3 Nf6 4. Bg5 Bb4 5. exd5 Qxd5 6. Bxf6 gxf6 7. Nge2 Nc6
8. a3 Bxc3+ 9. Nxc3 Qxd4 10. Qxd4 Nxd4 11. O-O-O c5 12. Ne4 b6 13. c3 Nf5 14.
g4 Nh4 15. Nxf6+ Ke7 16. g5 h6 17. f4 Rb8 18. Bb5 Rb7 19. Rhe1 hxg5 20. fxg5
Nf3 21. Rf1 Nxg5 22. Ba6 Rc7 23. Bxc8 Rcxc8 24. Rd7+ Kf8 25. Rxa7 Kg7 26. Ng4
Ra8 27. Rb7 Rab8 28. Ra7 Ra8 29. Rb7 Rab8 30. Ra7 1/2-1/2

[Event "Lloyds Bank Masters 18th"]
[Site "London"]
[Date "1994.08.20"]
[Round "1"]
[White "Ravi, Thandalam S"]
[Black "Chandler, Murray G"]
[Result "1/2-1/2"]
[WhiteElo "2385"]
[BlackElo "2545"]
[PlyCount "50"]
[EventDate "1994.08.20"]
[EventType "swiss"]
[EventRounds "10"]
[EventCountry "ENG"]
[SourceTitle "BritBase"]

1. e4 c5 2. c3 d5 3. exd5 Qxd5 4. d4 Nc6 5. Nf3 cxd4 6. cxd4 e5 7. Nc3 Bb4 8.
Bd2 Bxc3 9. Bxc3 e4 10. Ne5 Nxe5 11. dxe5 Ne7 12. e6 Bxe6 13. Bxg7 Rg8 14. Bc3
O-O-O 15. Qxd5 Nxd5 16. Be5 a6 17. Bg3 f5 18. Bc4 f4 19. Rc1 Kd7 20. Bxd5 Bxd5
21. Bxf4 Rxg2 22. Ke2 Rgg8 23. Rhg1 Bc6 24. Rxg8 Rxg8 25. Rc5 Rg1 1/2-1/2

[Event "Lloyds Bank Masters 18th"]
[Site "London"]
[Date "1994.08.20"]
[Round "1"]
[White "Thipsay, Praveen Mahadeo"]
[Black "Byway, Paul"]
[Result "1-0"]
[WhiteElo "2505"]
[BlackElo "2305"]
[PlyCount "81"]
[EventDate "1994.08.20"]
[EventType "swiss"]
[EventRounds "10"]
[EventCountry "ENG"]
[SourceTitle "BritBase"]

1. e4 e6 2. d4 d5 3. e5 c5 4. c3 Nc6 5. Nf3 Qb6 6. a3 c4 7. Nbd2 f6 8. Be2 Bd7
9. O-O O-O-O 10. exf6 gxf6 11. b3 cxb3 12. Nxb3 Bd6 13. a4 Nge7 14. a5 Qc7 15.
Ba3 e5 16. Bxd6 Qxd6 17. Nc5 Rdg8 18. Qb3 Nd8 19. Nxd7 Qxd7 20. dxe5 fxe5 21.
Nxe5 Qh3 22. g3 Rg5 23. Nf3 Rh5 24. Rfe1 Nec6 25. Bf1 Qf5 26. Bg2 Rf8 27. Ra2
Qd3 28. Re3 Qc4 29. Qa3 Rf6 30. Nd2 Qg4 31. Bf3 Qf5 32. Nb3 Qb1+ 33. Nc1 Re5
34. Rxe5 Nxe5 35. Bxd5 Nd3 36. Ra1 Qc2 37. Nxd3 Qxd3 38. Qc5+ Nc6 39. Re1 Qd2
40. Re8+ Kd7 41. Bxc6+ 1-0

[Event "Lloyds Bank Masters 18th"]
[Site "London"]
[Date "1994.08.20"]
[Round "1"]
[White "Tilak, Sharad S"]
[Black "Griffiths, Paul V"]
[Result "1-0"]
[WhiteElo "2415"]
[BlackElo "2245"]
[PlyCount "85"]
[EventDate "1994.08.20"]
[EventType "swiss"]
[EventRounds "10"]
[EventCountry "ENG"]
[SourceTitle "BritBase"]

1. e4 e5 2. Nf3 Nc6 3. Bb5 a6 4. Ba4 Nf6 5. O-O b5 6. Bb3 Be7 7. Re1 O-O 8. c3
d6 9. d4 Bg4 10. d5 Na5 11. Bc2 c6 12. h3 Bc8 13. dxc6 Qc7 14. Nbd2 Qxc6 15.
Nf1 Nc4 16. a4 Bb7 17. Ng3 Rfc8 18. Ra2 Nb6 19. Bg5 Nbd7 20. Bb3 h6 21. axb5
axb5 22. Rxa8 Rxa8 23. Bd5 Qb6 24. Bxb7 Qxb7 25. Nf5 Bf8 26. Bxf6 Nxf6 27. Nxd6
Qb6 28. Nf5 Rd8 29. Qc2 Qc5 30. Nh2 b4 31. Ng4 Nxg4 32. hxg4 bxc3 33. bxc3 Rc8
34. Rc1 Qc7 35. Ne3 Qd7 36. Qe2 Qa4 37. Nd5 Rb8 38. Qc2 Qc4 39. Ra1 Bc5 40. Kh2
Rb3 41. g5 Ba3 42. Qd1 hxg5 43. Rxa3 1-0

[Event "Lloyds Bank Masters 18th"]
[Site "London"]
[Date "1994.08.20"]
[Round "1"]
[White "Ward, Christopher R"]
[Black "Britton, Richard"]
[Result "1-0"]
[WhiteElo "2490"]
[BlackElo "2295"]
[PlyCount "57"]
[EventDate "1994.08.20"]
[EventType "swiss"]
[EventRounds "10"]
[EventCountry "ENG"]
[SourceTitle "BritBase"]

1. d4 Nf6 2. c4 g6 3. Nc3 Bg7 4. e4 d6 5. f3 O-O 6. Be3 c5 7. Nge2 Nbd7 8. Qd2
a6 9. Bh6 Rb8 10. h4 e6 11. h5 b5 12. g4 bxc4 13. O-O-O Qb6 14. Bxg7 Kxg7 15.
hxg6 fxg6 16. Nf4 Re8 17. g5 cxd4 18. Na4 Qb4 19. Qxd4 Qxa4 20. gxf6+ Nxf6 21.
Rxh7+ Kxh7 22. Qxf6 Rb7 23. Be2 Rg7 24. Rh1+ Kg8 25. Nxg6 Rh7 26. Rxh7 Kxh7 27.
Qf7+ Kh6 28. Nh4 Kg5 29. Qg7+ 1-0

[Event "Lloyds Bank Masters 18th"]
[Site "London"]
[Date "1994.08.20"]
[Round "1"]
[White "Thurlow, Kevin J"]
[Black "Macdonald-Ross, Michael"]
[Result "1/2-1/2"]
[WhiteElo "2080"]
[BlackElo "2195"]
[PlyCount "75"]
[EventDate "1994.08.20"]
[EventType "swiss"]
[EventRounds "10"]
[EventCountry "ENG"]
[SourceTitle "Thurlow, Kevin"]

1. c4 d6 2. d4 e5 3. d5 Nd7 4. Nc3 a5 5. e4 Nc5 6. Bd3 Be7 7. Nge2 Bg5 8. O-O
Bxc1 9. Rxc1 Qg5 10. f4 exf4 11. Nxf4 Bg4 12. Be2 h5 13. Qd4 Nf6 14. Rce1 Nfd7
15. h3 Bxe2 16. Nfxe2 Ne5 17. Rf5 Qe7 18. Nc1 g6 19. Rf2 h4 20. Ref1 Rh5 21. b3
Kf8 22. N3e2 Kg8 23. Nf4 Rg5 24. Ncd3 b6 25. Nxc5 bxc5 26. Qd2 a4 27. Nd3 axb3
28. axb3 Rf8 29. Rf4 Nxd3 30. Qxd3 Rg3 31. R1f3 Rxf3 32. Qxf3 Qe5 33. Rxh4 Ra8
34. Qe3 Ra1+ 35. Kf2 Ra2+ 36. Kg1 Ra1+ 37. Kf2 Ra2+ 38. Kg1 1/2-1/2

[Event "Lloyds Bank Masters 18th"]
[Site "London"]
[Date "1994.08.21"]
[Round "2"]
[White "Abd Mariam, John NT"]
[Black "Gual Pascual, Antonio"]
[Result "0-1"]
[WhiteElo "2175"]
[BlackElo "2395"]
[PlyCount "116"]
[EventDate "1994.08.20"]
[EventType "swiss"]
[EventRounds "10"]
[EventCountry "ENG"]
[SourceTitle "BritBase"]

1. e4 d6 2. d4 Nf6 3. Nc3 g6 4. Be2 Bg7 5. g4 d5 6. e5 Ne4 7. Be3 c5 8. Nxe4
dxe4 9. c3 cxd4 10. cxd4 Nc6 11. Qd2 O-O 12. h4 Qc7 13. Qc2 Qa5+ 14. Kf1 Be6
15. Nh3 Rac8 16. Qc3 Nb4 17. Qe1 Bc4 18. Bxc4 Rxc4 19. Kg2 Qa6 20. b3 Nd3 21.
Qd1 Rc7 22. Nf4 Nxf4+ 23. Bxf4 Rd7 24. Re1 f6 25. Rxe4 fxe5 26. Bxe5 Bxe5 27.
Rxe5 Qf6 28. Qe2 Rxd4 29. Rxe7 Qf4 30. Re1 Qxg4+ 31. Qxg4 Rxg4+ 32. Kh3 h5 33.
Rxb7 Rf3+ 34. Kh2 Rxf2+ 35. Kh3 Rf3+ 36. Kh2 Rxh4+ 37. Kg2 Rf7 38. Re8+ Kg7 39.
Ree7 Rg4+ 40. Kh3 Rxe7 41. Rxe7+ Kf6 42. Rxa7 Re4 43. Ra6+ Kf5 44. Ra8 Re3+ 45.
Kg2 h4 46. Ra5+ Kg4 47. Ra4+ Kh5 48. b4 g5 49. Ra8 Kg4 50. b5 Re2+ 51. Kg1 Rb2
52. Ra4+ Kh5 53. Ra5 h3 54. a4 Kh4 55. b6 Rxb6 56. Rb5 Rc6 57. a5 Rc1+ 58. Kh2
g4 0-1

[Event "Lloyds Bank Masters 18th"]
[Site "London"]
[Date "1994.08.21"]
[Round "2"]
[White "Akesson, Ralf"]
[Black "Alterman, Boris"]
[Result "1/2-1/2"]
[WhiteElo "2460"]
[BlackElo "2585"]
[PlyCount "75"]
[EventDate "1994.08.20"]
[EventType "swiss"]
[EventRounds "10"]
[EventCountry "ENG"]
[SourceTitle "BritBase"]

1. Nf3 c5 2. c4 Nc6 3. d4 cxd4 4. Nxd4 Nf6 5. Nc3 e6 6. g3 Bb4 7. Bg2 O-O 8.
O-O Qe7 9. Na4 d5 10. cxd5 exd5 11. Bg5 h6 12. Bxf6 Qxf6 13. Nc2 Rd8 14. Nxb4
Nxb4 15. Qd2 Nc6 16. Rac1 Bg4 17. h3 Bf5 18. Rfd1 Be4 19. Qf4 Qe7 20. Bxe4 dxe4
21. Nc3 Qb4 22. Nxe4 Qxb2 23. Nd6 Rd7 24. Nf5 Rad8 25. Rxd7 Rxd7 26. e4 Qd2 27.
Qxd2 Rxd2 28. Rb1 b6 29. Rc1 Na5 30. Rc8+ Kh7 31. Re8 f6 32. Kf1 h5 33. a4 Rd7
34. f4 Nc4 35. Ke2 Rd2+ 36. Kf3 Rd3+ 37. Ke2 Rd2+ 38. Kf3 1/2-1/2

[Event "Lloyds Bank Masters 18th"]
[Site "London"]
[Date "1994.08.21"]
[Round "2"]
[White "Aseev, Konstantin N"]
[Black "Lane, Gary William"]
[Result "0-1"]
[WhiteElo "2540"]
[BlackElo "2440"]
[PlyCount "70"]
[EventDate "1994.08.20"]
[EventType "swiss"]
[EventRounds "10"]
[EventCountry "ENG"]
[SourceTitle "BritBase"]

1. d4 Nf6 2. c4 g6 3. g3 Bg7 4. Bg2 O-O 5. Nc3 d6 6. Nf3 Nc6 7. O-O a6 8. h3
Rb8 9. e4 b5 10. e5 Nd7 11. e6 fxe6 12. d5 exd5 13. cxb5 axb5 14. Ng5 Nd4 15.
Bxd5+ Kh8 16. Be3 c5 17. Bxd4 cxd4 18. Ne6 Qb6 19. Nxf8 dxc3 20. Ne6 cxb2 21.
Rb1 Bf6 22. Nf4 Qd4 23. Qxd4 Bxd4 24. Rfd1 Bc3 25. Be6 Nb6 26. Bxc8 Rxc8 27.
Ne2 b4 28. Rd3 Na4 29. Kg2 Kg7 30. f4 Kf7 31. Kf3 Ra8 32. h4 Nc5 33. Re3 Bf6
34. g4 Rxa2 35. g5 Bg7 0-1